| 000 | 00486pab a2200181 454500 | ||
|---|---|---|---|
| 008 | 180718b2014 xxu||||| |||| 00| 0 eng d | ||
| 100 | _aHanssen, Gro Sandkjaer | ||
| 245 | _aMarket-oriented urban planning - constraining citizen participation | ||
| 260 | _c2014 | ||
| 300 | _ap.403-428. | ||
| 362 | _aJun | ||
| 650 | _aWorkers participation | ||
| 650 | _aUrban planning | ||
| 700 | _aFalleth, Eva Irene | ||
| 773 | _aLocal Government Studies | ||
| 908 | _aN | ||
| 909 | _a104889 | ||
| 999 |
_c104884 _d104884 |
||